Charbel Makhluf, monje de Oriente (1828-1898) / (Record no. 78793)

MARC details
000 -LEADER
campo de control de longitud fija 00628nam a2200193 i 4500
001 - NÚMERO DE CONTROL
campo de control 78793
003 - IDENTIFICADOR DE NÚMERO DE CONTROL
campo de control ES-MaACL
005 - FECHA Y HORA DE LA ÚLTIMA TRANSACCIÓN
campo de control 20230906173822.0
007 - CAMPO FIJO DE DESCRIPCIÓN FÍSICA--INFORMACIÓN GENERAL
campo de control de longitud fija t|
008 - DATOS DE LONGITUD FIJA--INFORMACIÓN GENERAL
campo de control de longitud fija 041018s1968 sp ||||1| spa d
100 1# - ENTRADA PRINCIPAL--NOMBRE DE PERSONA
Nombre de persona Hayek, Michel.
9 (RLIN) 62191
245 10 - MENCIÓN DEL TÍTULO
Título Charbel Makhluf, monje de Oriente (1828-1898) /
Mención de responsabilidad, etc. Michel Hayek ; [traducción, Jesús Bermejo y Manuel Tardío, C.M.F.].
260 ## - PUBLICACIÓN, DISTRIBUCIÓN, ETC.
Lugar de publicación, distribución, etc. Madrid :
Nombre del editor, distribuidor, etc. Coculsa,
Fecha de publicación, distribución, etc. [1968]
300 ## - DESCRIPCIÓN FÍSICA
Extensión XV, 135 p. ;
Dimensiones 21 cm.
600 04 - PUNTO DE ACCESO ADICIONAL DE MATERIA--NOMBRE DE PERSONA
Nombre de persona Charbel Makhlouf,
Títulos y otros términos asociados al nombre Santo (
Fechas asociadas al nombre 1828-1898)
9 (RLIN) 172065
700 1# - ENTRADA AGREGADA--NOMBRE PERSONAL
Nombre de persona Bermejo, Jesús.
9 (RLIN) 28087
700 1# - ENTRADA AGREGADA--NOMBRE PERSONAL
Nombre de persona Tardío, Manuel.
9 (RLIN) 109279
852 ## - LOCALIZACIÓN
Ubicación ES-MaACL
Número de control de estantería C-49888
Holdings
Estatus retirado Estado de pérdida Estado de daño No para préstamo Biblioteca de origen Biblioteca actual Ubicación en estantería Fecha de adquisición Fuente de adquisición Total de préstamos Signatura topográfica completa Código de barras Visto por última vez Precio de reemplazo Tipo de ítem Koha
        Biblioteca del Ateneo de Madrid Biblioteca del Ateneo de Madrid Depósito 2 17/01/2008     C-49888 1082406 23/02/2023 23/02/2023 Libro impreso